Catálogo público

Ley federal de reforma agraria / (Record no. 165460)

MARC details
000 -CABECERA
campo de control de longitud fija 00702nam a2200277Ia 4500
001 - NÚMERO DE CONTROL
campo de control Z_2404
003 - IDENTIFICADOR DEL NÚMERO DE CONTROL
campo de control CHAP
008 - DATOS DE LONGITUD FIJA--INFORMACIÓN GENERAL
campo de control de longitud fija 220113s1988 xx 000 0 und d
010 ## - NÚMERO DE CONTROL DE LA BIBLIOTECA DEL CONGRESO
Número de control de LC 165460
040 ## - FUENTE DE LA CATALOGACIÓN
Centro/agencia transcriptor CHAP
082 ## - NÚMERO DE LA CLASIFICACIÓN DECIMAL DEWEY
Número de clasificación 333.0972 M49
100 ## - ENTRADA PRINCIPAL--NOMBRE DE PERSONA
Nombre de persona México. Leyes, decretos, etc.
9 (RLIN) 139321
245 ## - MENCIÓN DE TÍTULO
Título Ley federal de reforma agraria /
Mención de responsabilidad, etc.
260 ## - PUBLICACIÓN, DISTRIBUCIÓN, ETC.
Lugar de publicación, distribución, etc. México, D :
Nombre del editor, distribuidor, etc. F :,
-- :,
-- Porrúa,
Fecha de publicación, distribución, etc. 1988
300 ## - DESCRIPCIÓN FÍSICA
Extensión 791 p
440 ## - MENCIÓN DE SERIE/PUNTO DE ACCESO ADICIONAL--TÍTULO
Título Leyes y códigos de México
9 (RLIN) 66564
503 ## - NOTA DE HISTORIA BIBLIOGRÁFICA (BK CF MU) [OBSOLETO]
Nota de historia bibliográfica 142700-03
650 ## - PUNTO DE ACCESO ADICIONAL DE MATERIA--TÉRMINO DE MATERIA
Término de materia o nombre geográfico como elemento de entrada 1, Reforma agraria
Subdivisión general México
9 (RLIN) 139322
650 ## - PUNTO DE ACCESO ADICIONAL DE MATERIA--TÉRMINO DE MATERIA
Término de materia o nombre geográfico como elemento de entrada Reforma agraria
Subdivisión general Leyes
9 (RLIN) 95561
901 ## - ELEMENTOS DE DATOS A LOCAL LDA (RLIN)
a 333.0972 M49
902 ## - ELEMENTOS DE DATOS B LOCAL, LDB (RLIN)
a M
910 ## - DATOS DE OPCIÓN DEL USUARIO (OCLC)
Datos de opción del usuario 1988
942 ## - ELEMENTOS DE PUNTO DE ACCESO ADICIONAL (KOHA)
Tipo de ítem Koha Libro_
942 ## - ELEMENTOS DE PUNTO DE ACCESO ADICIONAL (KOHA)
Tipo de ítem Koha
Holdings
Estado de retiro Estado de pérdida Estado dañado No para préstamo Localización permanente Ubicación/localización actual Ubicación en estantería Fecha de adquisición Información codificada de la localización en otra ubicación Código de barras Fecha visto por última vez Número de copia Precio válido a partir de Tipo de ítem Koha Nota pública Fuente del sistema de clasificación o colocación Restricciones de uso Código de colección
        Zootecnia Zootecnia   09/11/2005 1 z_0378 18/01/2022 1 18/01/2022 Libro 2      
        Zootecnia Zootecnia   09/11/2005 1 z_0948 18/01/2022 2 18/01/2022 Libro 2      
        Zootecnia Zootecnia   09/11/2005 1 z_0949 18/01/2022 3 18/01/2022 Libro 2      
        Zootecnia Zootecnia   09/11/2005   z_0950 18/01/2022 4 18/01/2022 Libro   Dewey Decimal Classification Préstamo interno Consulta